000 00514nam a22001697a 4500
005 20251108165322.0
008 250721s1988 xx 000 0 ara d
082 1 4 _a634/ضو
100 1 _aبلال، رضوان محمد
245 1 0 _aزراعة الفاكهة في المشاتل و المراقد /
264 1 _aالقاهرة :
_bمكتبة إبن سينا،
_c1988.
300 _a176ص
650 1 7 _aالفواكه
650 1 7 _aزراعة أشجار الفاكهة
942 _2ddc
_cBK
999 _c24973
_d24973